| 000 | 00398nam a22001457a 4500 | ||
|---|---|---|---|
| 999 |
_c8982 _d8982 |
||
| 003 | GBCCL | ||
| 005 | 20241126110702.0 | ||
| 008 | 220211b ||||| |||| 00| 0 eng d | ||
| 040 | _cgbc | ||
| 082 |
_aSOU MUA _b1993 |
||
| 245 |
_aMualnuam /Ngawnbung Church diamond jubilee ( 1018-1993 ) / _cedited by Dr T Goukhanthang |
||
| 260 |
_aMualnuam : _bEBC, _c1993. |
||
| 300 | _a75p. | ||
| 942 |
_2ddc _cARCH |
||